大阪府の市区町村(1960年) - Statistics

General Stats
  • This quiz has been taken 73 times
  • The average score is 58 of 73
Answer Stats
No. 政令市/郡 市町村 備考 % Correct
1 大阪市
98%
1-1 大阪市 北区
96%
1-9 大阪市 天王寺区
96%
2 堺市 2006年政令指定
96%
3 岸和田市
96%
1-11 大阪市 浪速区
93%
9 高槻市
93%
15 泉佐野市
93%
1-14 大阪市 東淀川区
91%
1-19 大阪市 阿倍野区
91%
12 枚方市
91%
14 八尾市
91%
18 河内長野市
91%
1-4 大阪市 此花区
89%
1-6 大阪市 西区
89%
1-7 大阪市 港区
89%
1-8 大阪市 大正区
89%
1-13 大阪市 西淀川区
89%
1-15 大阪市 東成区
89%
1-20 大阪市 住吉区
89%
1-22 大阪市 西成区
89%
4 豊中市
89%
7 吹田市
89%
27 三島郡 島本町
89%
1-5 大阪市 東区 1989年消滅
87%
1-21 大阪市 東住吉区
87%
11 守口市
87%
13 茨木市
87%
16 富田林市
87%
17 寝屋川市
87%
22 大東市
87%
30 豊能郡 能勢町
87%
5 布施市 1967年消滅
84%
6 池田市
84%
23 和泉市
84%
25 柏原市
84%
26 羽曳野市
84%
39 泉南郡 岬町
84%
42 南河内郡 千早赤阪村
84%
1-16 大阪市 生野区
82%
8 泉大津市
82%
43 南河内郡 狭山町 1987年昇格
82%
1-3 大阪市 福島区
80%
1-10 大阪市 南区 1989年消滅
80%
1-18 大阪市 城東区
80%
10 貝塚市
80%
21 松原市
80%
24 箕面市
80%
49 北河内郡 交野町 1971年昇格
80%
33 泉北郡 忠岡町
78%
35 泉南郡 田尻町
78%
36 泉南郡 泉南町 1970年昇格
78%
45 南河内郡 美原町 2005年消滅
78%
1-2 大阪市 都島区
76%
1-17 大阪市 旭区
76%
20 河内市 1967年消滅
76%
31 泉北郡 高石町 1966年昇格
76%
34 泉南郡 熊取町
76%
47 北河内郡 門真町 1963年昇格
76%
50 北河内郡 四條畷町 1970年昇格
76%
19 枚岡市 1967年消滅
73%
40 南河内郡 河南町
73%
41 南河内郡 太子町
69%
28 三島郡 三島町 1966年昇格
67%
1-12 大阪市 大淀区 1989年消滅
58%
29 豊能郡 東能勢村 1977年昇格
53%
46 南河内郡 美陵町 1966年昇格
49%
38 泉南郡 東鳥取村 1960年昇格
47%
37 泉南郡 南海町 1972年消滅
44%
51 北河内郡 田原村 1961年消滅
40%
48 北河内郡 水本村 1961年消滅
38%
44 南河内郡 登美丘町 1962年消滅
36%
32 泉北郡 福泉町 1961年消滅
29%
No matching quizzes found
Score Distribution
Percent of People with Each Score
Percentile by Number Answered
Your Score History
You have not taken this quiz